Normal view
MARC view
Entry Topical Term
001 - CONTROL NUMBER
- control field: 83389
003 - CONTROL NUMBER IDENTIFIER
- control field: OSt
005 - DATE AND TIME OF LATEST TRANSACTION
- control field: 20251015162503.0
008 - FIXED-LENGTH DATA ELEMENTS
- fixed length control field: 251015|| aca||aabn | a|a d
040 ## - CATALOGING SOURCE
- Original cataloging agency: OSt
- Transcribing agency: OSt
150 ## - HEADING--TOPICAL TERM
- Topical term or geographic name entry element: वित्तीय प्रबंध
670 ## - SOURCE DATA FOUND
- Source citation: Work cat.: (OSt)68278: पराडकर,श्रीनिवास 83357, वित्तीय शक्ति पुस्तिका 2025 भाग -1 साथ में भाग- 2 , 2025









